[Event "Najdorf Mem Open A 2014"]
[Site "Warsaw POL"]
[Date "2014.07.17"]
[Round "5.14"]
[White "Mu, Ke"]
[Black "Vovk, Yuri"]
[Result "0-1"]
[BlackTitle "GM"]
[WhiteElo "2409"]
[BlackElo "2591"]
[WhiteFideId "8602778"]
[BlackFideId "14113171"]
[EventDate "2014.07.14"]

1. d4 Nf6 2. c4 g6 3. g3 Bg7 4. Bg2 O-O 5. Nc3 d6 6. Nf3 c6 7. O-O Qa5 8. e4 e5
9. h3 Nbd7 10. Re1 exd4 11. Nxd4 Ne5 12. Bf1 Re8 13. Be3 a6 14. Kg2 b5 15. Nb3
Qd8 16. c5 d5 17. exd5 b4 18. Na4 Bf5 19. f3 Nxd5 20. Bd4 Qg5 21. h4 Qh5 22. Nb6
Rad8 23. Nxd5 Rxd5 24. f4 Bg4 25. Be2 Nf3 0-1

[Event "Najdorf Mem Open A 2014"]
[Site "Warsaw POL"]
[Date "2014.07.17"]
[Round "5.15"]
[White "Olszewski, Michal"]
[Black "Kanarek, Marcel"]
[Result "1-0"]
[WhiteTitle "GM"]
[BlackTitle "IM"]
[WhiteElo "2553"]
[BlackElo "2471"]
[WhiteFideId "1121251"]
[BlackFideId "1126822"]
[EventDate "2014.07.14"]

1. Nf3 Nf6 2. c4 c5 3. Nc3 Nc6 4. d4 cxd4 5. Nxd4 Nxd4 6. Qxd4 g6 7. g3 Bg7 8.
Bg2 O-O 9. O-O d6 10. Qd3 Bf5 11. e4 Be6 12. Bd2 Nd7 13. b3 a5 14. Rac1 Nb6 15.
Be3 a4 16. f4 axb3 17. axb3 Bd7 18. c5 dxc5 19. Bxc5 Rc8 20. Qe3 Na8 21. Rfd1
Bxc3 22. Rxc3 Qe8 23. Bb4 Bc6 24. f5 f6 25. Bh3 Rd8 26. Rxd8 Qxd8 27. fxg6 Qd1+
28. Bf1 hxg6 29. Bxe7 Re8 30. Bxf6 Kh7 31. Rxc6 1-0

[Event "Najdorf Mem Open A 2014"]
[Site "Warsaw POL"]
[Date "2014.07.17"]
[Round "5.16"]
[White "Tomczak, Jacek"]
[Black "Givon, Asaf"]
[Result "1-0"]
[WhiteTitle "GM"]
[BlackTitle "IM"]
[WhiteElo "2547"]
[BlackElo "2452"]
[WhiteFideId "1124668"]
[BlackFideId "2801841"]
[EventDate "2014.07.14"]

1. e4 c5 2. Nf3 d6 3. d4 cxd4 4. Nxd4 Nf6 5. Nc3 a6 6. Bc4 e6 7. Bb3 Nbd7 8. O-O
Nc5 9. Qe2 Be7 10. f4 O-O 11. Kh1 Qb6 12. Be3 Qc7 13. Bf2 b5 14. e5 dxe5 15.
fxe5 Nfd7 16. Bd5 Bb7 17. Bxb7 Nxb7 18. Bg3 Nb6 19. Ne4 Qc4 20. Qg4 h5 21. Qd1
Rad8 22. c3 Qd5 23. Qe2 h4 24. Bf4 Nc5 25. Nf6+ Bxf6 26. exf6 g6 27. Qg4 Nc4 28.
Qxh4 Qh5 29. Qxh5 gxh5 30. b3 Nb2 31. Nc6 Rd7 32. Be3 Ne4 33. Bd4 Nd3 34. Rf3 b4
35. Rxd3 bxc3 36. Ne7+ Kh7 37. Rh3 Kh6 38. Be3+ 1-0

[Event "Najdorf Mem Open A 2014"]
[Site "Warsaw POL"]
[Date "2014.07.17"]
[Round "5.17"]
[White "Jakubowski, Krzysztof"]
[Black "Matuszewski, Michal"]
[Result "0-1"]
[WhiteTitle "GM"]
[BlackTitle "IM"]
[WhiteElo "2537"]
[BlackElo "2416"]
[WhiteFideId "1112848"]
[BlackFideId "1129775"]
[EventDate "2014.07.14"]

1. e4 c5 2. Nf3 d6 3. d4 cxd4 4. Nxd4 Nf6 5. Nc3 a6 6. f3 e5 7. Nb3 Be6 8. Be3
Be7 9. Qd2 O-O 10. O-O-O Nbd7 11. g4 b5 12. g5 b4 13. Ne2 Ne8 14. f4 a5 15. f5
Bxb3 16. cxb3 a4 17. bxa4 Rxa4 18. b3 Ra5 19. Kb1 d5 20. exd5 Bc5 21. Bxc5 Nxc5
22. Qxb4 Nd6 23. Nc3 Qa8 24. g6 Rb8 25. Qh4 hxg6 26. fxg6 fxg6 27. Bh3 Rxa2 28.
Nxa2 Rxb3+ 29. Ka1 Ra3 30. Qf2 Nde4 31. Qc2 Nc3 32. Rd2 Rxa2+ 33. Qxa2 Nb3+ 0-1

[Event "Najdorf Mem Open A 2014"]
[Site "Warsaw POL"]
[Date "2014.07.17"]
[Round "5.18"]
[White "Beliavsky, Alexander G"]
[Black "Przedmojski, Rafal"]
[Result "1/2-1/2"]
[WhiteTitle "GM"]
[WhiteElo "2631"]
[BlackElo "2367"]
[WhiteFideId "14602377"]
[BlackFideId "1102451"]
[EventDate "2014.07.14"]

1. d4 f5 2. c4 Nf6 3. g3 e6 4. Bg2 d5 5. Nh3 Bd6 6. O-O O-O 7. Bf4 Be7 8. e3 h6
9. Be5 g5 10. Nc3 c6 11. Qe2 Nbd7 12. Rfd1 Ng4 13. f4 Ndxe5 14. dxe5 Qb6 15.
cxd5 cxd5 16. Rd3 Bd7 17. Nf2 Nxf2 18. Kxf2 Bc6 19. Rd2 Rad8 20. Kg1 gxf4 21.
gxf4 Kh7 22. Kh1 Bc5 23. Rd3 Rg8 24. Bf3 Rd7 25. Rg1 Rxg1+ 26. Kxg1 d4 27. exd4
Bxd4+ 28. Kg2 Rg7+ 29. Kh3 Bxc3 30. Bxc6 Qxc6 31. Rxc3 Rf7 1/2-1/2

[Event "Najdorf Mem Open A 2014"]
[Site "Warsaw POL"]
[Date "2014.07.17"]
[Round "5.19"]
[White "Duda, Jan-Krzysztof"]
[Black "Nguyen, Piotr"]
[Result "1/2-1/2"]
[WhiteTitle "GM"]
[WhiteElo "2580"]
[BlackElo "2339"]
[WhiteFideId "1170546"]
[BlackFideId "1127993"]
[EventDate "2014.07.14"]

1. e4 c5 2. Nf3 g6 3. d4 cxd4 4. Nxd4 Bg7 5. c4 Nc6 6. Nc2 Qb6 7. Nc3 Bxc3+ 8.
bxc3 Nf6 9. f3 d6 10. Be2 Be6 11. Ne3 O-O 12. Nd5 Bxd5 13. cxd5 Ne5 14. Qd4 Rfc8
15. Bd2 Nc4 16. Bxc4 Qxd4 17. cxd4 Rxc4 18. Ke2 Rac8 19. Kd3 Nd7 20. a4 e5 21.
dxe6 fxe6 22. Rhc1 Rxc1 23. Bxc1 d5 24. exd5 exd5 25. Bd2 Kf7 26. a5 Nf8 27. Rb1
Rc7 28. Bf4 Rd7 29. a6 bxa6 30. Ra1 Rb7 31. Rxa6 Nd7 32. g4 Nb6 33. h4 h5 34. g5
Ke6 35. Be5 Kd7 36. Ke2 Kc6 37. f4 Kb5 38. Ra1 Rf7 39. f5 Rxf5 40. Rxa7 Nc4 41.
Bg3 Rf8 42. Rb7+ Kc6 43. Rc7+ Kb6 44. Re7 Rc8 45. Re6+ Rc6 46. Rf6 Kb5 47. Kf3
Nd2+ 48. Ke3 Rc3+ 49. Kxd2 Rxg3 50. Rxg6 Rg4 51. Ke3 Re4+ 52. Kd3 Rxh4 53. Rh6
Rh3+ 54. Kd2 Kc4 55. g6 Kxd4 56. g7 Rg3 57. Rxh5 Rg2+ 58. Kd1 Rxg7 59. Rh4+ Kc3
60. Rh3+ Kc4 61. Rh4+ d4 62. Rh3 Rg2 63. Ra3 Kb4 64. Rd3 Kc4 65. Ra3 Kb4 66. Rd3 1/2-1/2

[Event "Najdorf Mem Open A 2014"]
[Site "Warsaw POL"]
[Date "2014.07.17"]
[Round "5.20"]
[White "Piorun, Kacper"]
[Black "Lewtak, Damian"]
[Result "1-0"]
[WhiteTitle "GM"]
[WhiteElo "2577"]
[BlackElo "2331"]
[WhiteFideId "1130420"]
[BlackFideId "1141724"]
[EventDate "2014.07.14"]

1. e4 e6 2. d4 d5 3. Nc3 Bb4 4. e5 Ne7 5. a3 Bxc3+ 6. bxc3 c5 7. h4 Qc7 8. h5
cxd4 9. cxd4 Qc3+ 10. Bd2 Qxd4 11. Nf3 Qe4+ 12. Be2 Nf5 13. Kf1 Nc6 14. Bd3 Qg4
15. Qe1 Nfd4 16. Nxd4 Qxd4 17. Bc3 Qc5 18. h6 g6 19. Rh4 O-O 20. Rf4 Rd8 21. Bd2
f5 22. exf6 Kf7 23. c4 d4 24. Rb1 Qxa3 25. Rf3 Qd6 26. Rb5 a6 27. Bxg6+ hxg6 28.
Rg5 Rh8 29. Qe4 Rxh6 30. Rh3 Qf8 31. Rgg3 g5 32. Bxg5 Rxh3 33. Rxh3 e5 34. Rh7+
Ke6 35. g4 Qc5 36. f7 1-0

[Event "Najdorf Mem Open A 2014"]
[Site "Warsaw POL"]
[Date "2014.07.17"]
[Round "5.21"]
[White "Barle, Janez"]
[Black "Indjic, Aleksandar"]
[Result "0-1"]
[WhiteTitle "IM"]
[BlackTitle "GM"]
[WhiteElo "2345"]
[BlackElo "2542"]
[WhiteFideId "14600021"]
[BlackFideId "911925"]
[EventDate "2014.07.14"]

1. e4 c5 2. Nf3 d6 3. Bb5+ Nd7 4. d4 Nf6 5. O-O a6 6. Bxd7+ Nxd7 7. Nc3 e6 8.
Bg5 Qc7 9. Re1 cxd4 10. Nxd4 Qc5 11. Be3 Qc4 12. Qd2 Nf6 13. Rad1 Be7 14. Qd3
Qxd3 15. cxd3 Bd7 16. a4 O-O 17. h3 Rfc8 18. f4 Bd8 19. Nb3 b5 20. axb5 axb5 21.
e5 b4 22. Ne4 dxe5 23. fxe5 Nd5 24. Bd4 Ba4 25. Nec5 Rxc5 26. Nxc5 Bxd1 27. Rxd1
Bb6 28. Nb3 Ra2 29. Rd2 Bxd4+ 30. Nxd4 Ra1+ 31. Kf2 h6 32. Rc2 Rb1 33. Nb3 Nf4
34. Ke3 g5 35. d4 Kg7 36. Nc5 Rd1 37. Ke4 Kg6 38. b3 Re1+ 39. Kf3 Nd5 40. Rd2
Re3+ 41. Kf2 Rc3 42. Kg1 h5 43. Kf2 h4 44. Kg1 Nf4 45. Kf2 Kf5 46. Kg1 Rg3 47.
Kf1 Rc3 48. Kf2 Rc1 49. Na6 Nd5 50. Nc5 Rc3 51. Re2 Rc1 52. Rd2 Rb1 53. Ke2 g4
54. hxg4+ Kxg4 55. Kf2 Nf4 56. Ra2 Rd1 57. Ke3 Nd5+ 58. Kf2 Rxd4 59. Ra7 Rd2+
60. Kg1 Ne3 61. Rxf7 Rd1+ 62. Kh2 Nf1+ 63. Rxf1 Rxf1 64. Nxe6 Re1 65. Nc5 Rxe5
66. Nd3 Rb5 67. Kg1 Kg3 0-1

[Event "Najdorf Mem Open A 2014"]
[Site "Warsaw POL"]
[Date "2014.07.17"]
[Round "5.22"]
[White "Lei, Tingjie"]
[Black "Przybylski, Wojciech"]
[Result "1-0"]
[BlackTitle "FM"]
[WhiteElo "2450"]
[BlackElo "2313"]
[WhiteFideId "8605114"]
[BlackFideId "1117599"]
[EventDate "2014.07.14"]

1. Nf3 d5 2. d4 Nf6 3. c4 dxc4 4. e3 e6 5. Bxc4 c5 6. O-O a6 7. Bd3 Nc6 8. a3
Be7 9. Nc3 O-O 10. dxc5 Bxc5 11. b4 Ba7 12. Bb2 e5 13. Ng5 h6 14. Nge4 Nxe4 15.
Nxe4 Bf5 16. Qc2 Bg6 17. Rfd1 Qe7 18. Rac1 Rfd8 19. h3 Rac8 20. Qb3 Kh7 21. Ng3
e4 22. Be2 Bb8 23. Bg4 Rxd1+ 24. Rxd1 Rd8 25. Bf5 Bxg3 26. Bxg6+ Kxg6 27. fxg3
Rxd1+ 28. Qxd1 Qe6 29. Kh2 f6 30. Bc3 Kh7 31. Qh5 b5 32. Qc5 Ne7 33. g4 Nc8 34.
Bd4 Ne7 35. Kg3 Nd5 36. Kf2 Kg6 37. Qf8 Kh7 38. Qd8 Kg6 39. h4 Kh7 40. Kg3 Ne7
41. Bc5 Ng6 42. Qd4 f5 43. Qd6 Qc8 44. h5 Nh8 45. Qe5 fxg4 46. Bd4 Qb7 47. Kxg4
Kg8 48. Kf4 Qd7 49. g4 Qf7+ 50. Kxe4 Qf8 51. Qe6+ Nf7 52. Kd3 Qd8 53. Qxa6 Qd7
54. Qa8+ Kh7 55. Qe4+ Kg8 56. Kc3 Ng5 57. Qf5 Ne6 58. Qe5 Kf7 59. Bc5 Qc6 60. e4
Kg8 61. Qd5 Qe8 62. Kb3 Qf7 63. Be3 Qe8 64. Bd4 Kh8 65. Bc3 Kh7 66. Kb2 Kh8 67.
Qf5 Kg8 68. Qe5 Qd7 69. Qd5 Qe8 70. Qd6 Kh7 71. Qe5 Qd7 72. Qf5+ Kg8 73. Kc2 Qc6
74. Qd5 Qe8 75. Qb7 Kh7 76. Kb2 Kh8 77. Qd5 Kh7 78. Qe5 Qd7 79. Qf5+ Kg8 80. a4
bxa4 81. Qd5 Qe7 82. Ka3 Kh8 83. Kxa4 Nf4 84. Qc6 Kh7 85. b5 Qf7 86. Ka3 Qe7+
87. Kb3 Ne6 88. Kb2 Nc5 89. b6 Nd7 90. b7 Nb8 91. Qd5 Qc7 92. Qf5+ 1-0

[Event "Najdorf Mem Open A 2014"]
[Site "Warsaw POL"]
[Date "2014.07.17"]
[Round "5.23"]
[White "Luch, Michal"]
[Black "Strugnell, Carl"]
[Result "0-1"]
[WhiteTitle "IM"]
[BlackTitle "FM"]
[WhiteElo "2447"]
[BlackElo "2258"]
[WhiteFideId "1120042"]
[BlackFideId "616753"]
[EventDate "2014.07.14"]

1. Nf3 Nf6 2. c4 Nc6 3. g3 e5 4. Bg2 d5 5. cxd5 Nxd5 6. O-O Nb6 7. d3 Be7 8. Nc3
O-O 9. Be3 Re8 10. Rc1 Bf8 11. a3 Nd4 12. Ne4 Nf5 13. Bd2 a5 14. Nc5 c6 15. e4
Nd6 16. Be3 a4 17. d4 exd4 18. Qxd4 Nd7 19. Nxd7 Qxd7 20. Rfd1 Qe7 21. Nd2 Be6
22. Re1 Red8 23. Qc3 Nb5 24. Qc2 Nd4 25. Qc3 c5 26. e5 Bg4 27. f3 Bf5 28. f4 Bd3
29. Bxd4 Rxd4 30. Ne4 Bxe4 31. Rxe4 Rad8 32. Rxd4 Rxd4 33. Qf3 b6 34. Qc6 Qd8
35. h4 Rd2 36. Qxa4 Rxg2+ 37. Kxg2 Qd2+ 38. Kh3 Qxc1 39. Qb3 Qh1+ 40. Kg4 g6 41.
e6 f5+ 42. Kg5 Be7+ 43. Kh6 Qa8 0-1

[Event "Najdorf Mem Open A 2014"]
[Site "Warsaw POL"]
[Date "2014.07.17"]
[Round "5.24"]
[White "Bednarek, Sylwester"]
[Black "Dionisi, Thomas"]
[Result "0-1"]
[WhiteTitle "FM"]
[BlackTitle "FM"]
[WhiteElo "2311"]
[BlackElo "2393"]
[WhiteFideId "1101811"]
[BlackFideId "651893"]
[EventDate "2014.07.14"]

1. d4 f5 2. g3 Nf6 3. Bg2 g6 4. c3 Bg7 5. Qb3 Nc6 6. Nd2 e5 7. Bxc6 bxc6 8. dxe5
Ng4 9. f4 d6 10. Ndf3 Qe7 11. h3 Nh6 12. Nd4 Nf7 13. Ngf3 O-O 14. Ng5 dxe5 15.
Nxc6 Qd6 16. Nxe5 Bxe5 17. fxe5 Qc6 18. Rf1 Ba6 19. Nxf7 Rxf7 20. Bf4 Bc4 21.
Qc2 Qe6 22. b3 Bd5 23. O-O-O Be4 24. Qd2 a5 25. Kb2 a4 26. b4 a3+ 27. Ka1 Qc4
28. Qe3 c5 29. e6 Qxe6 30. Qxc5 Rc8 31. Qe5 Qc4 32. Rfe1 Re7 33. Qf6 Qxc3+ 34.
Qxc3 Rxc3 35. Rc1 Rxc1+ 36. Bxc1 Bd5 37. e4 fxe4 38. Re3 Rc7 39. Kb1 Bc4 40.
Bxa3 Bd3+ 41. Kb2 Kf7 42. Re1 Ke6 43. Rc1 Rf7 44. Rc5 e3 45. Kc3 e2 46. Kd2 Rf1
47. Rc1 Kd5 48. Bb2 Ke4 49. Re1 Kf3 50. a4 Kxg3 51. b5 Kxh3 52. Bc3 Rxe1 53.
Kxe1 g5 54. b6 Ba6 55. b7 Bxb7 56. Kxe2 h5 57. Kf2 h4 58. Be5 g4 59. a5 g3+ 60.
Kg1 Kg4 0-1

[Event "Najdorf Mem Open A 2014"]
[Site "Warsaw POL"]
[Date "2014.07.17"]
[Round "5.25"]
[White "Polok, Kacper"]
[Black "Nurkiewicz, Maciej"]
[Result "1-0"]
[WhiteElo "2215"]
[BlackElo "2392"]
[WhiteFideId "1137158"]
[BlackFideId "1107046"]
[EventDate "2014.07.14"]

1. e4 e5 2. Nf3 Nc6 3. Bb5 a6 4. Ba4 Nf6 5. Qe2 d6 6. c3 Be7 7. h3 O-O 8. O-O b5
9. Bc2 Re8 10. Rd1 Bf8 11. d3 h6 12. Nbd2 d5 13. Nf1 Rb8 14. g4 Be6 15. Ng3 Qc8
16. Kh1 g6 17. Rg1 Kh7 18. Nh4 Qd8 19. Ng2 Qd7 20. Ne3 Rbd8 21. Qf3 Bg7 22. Nef5
dxe4 23. dxe4 gxf5 24. gxf5 Rf8 25. Be3 Qe8 26. Nh5 Nxh5 27. Qxh5 Rg8 28. f6 1-0

[Event "Najdorf Mem Open A 2014"]
[Site "Warsaw POL"]
[Date "2014.07.17"]
[Round "5.26"]
[White "Jakubiec, Edyta"]
[Black "Vydeslaver, Alik"]
[Result "0-1"]
[WhiteTitle "WIM"]
[BlackTitle "IM"]
[WhiteElo "2189"]
[BlackElo "2384"]
[WhiteFideId "1114158"]
[BlackFideId "2801876"]
[EventDate "2014.07.14"]

1. e4 d6 2. d4 Nf6 3. Nc3 Nbd7 4. f4 e5 5. Nf3 c6 6. Bc4 exd4 7. Qxd4 d5 8. exd5
Bc5 9. Qd3 O-O 10. dxc6 bxc6 11. Bd2 Re8+ 12. Kf1 Nb6 13. Qxd8 Rxd8 14. Bd3 Be6
15. b3 a5 16. Re1 a4 17. Ng5 Bd5 18. Nge4 Nxe4 19. Nxe4 Bd4 20. Be3 Bxe4 21.
Bxe4 Bxe3 22. Bxc6 Rac8 23. Rxe3 Rxc6 24. c4 Rf6 25. Ke2 Rxf4 26. Rd1 Rf8 27. c5
Na8 28. c6 axb3 29. axb3 Rc8 30. c7 Nxc7 31. Rc1 Kf8 32. g3 Rf6 33. b4 Rb6 34.
Rc4 Rbb8 0-1

[Event "Najdorf Mem Open A 2014"]
[Site "Warsaw POL"]
[Date "2014.07.17"]
[Round "5.27"]
[White "Ben Artzi, Ido"]
[Black "Obrusnik, Michal"]
[Result "1-0"]
[WhiteTitle "FM"]
[WhiteElo "2392"]
[BlackElo "2306"]
[WhiteFideId "2810913"]
[BlackFideId "1136674"]
[EventDate "2014.07.14"]

1. d4 Nf6 2. c4 e6 3. Nc3 Bb4 4. e3 d5 5. a3 Be7 6. Nf3 O-O 7. Bd3 b6 8. O-O Bb7
9. cxd5 exd5 10. b3 Nbd7 11. Bb2 a6 12. Rc1 Bd6 13. Ne2 Ne4 14. Ng3 f5 15. Ne5
Qe7 16. f4 c5 17. Qe2 Qe6 18. Bxe4 fxe4 19. f5 Qe7 20. Nxd7 Qxd7 21. dxc5 bxc5
22. Qg4 Bxg3 23. Qxg3 Rac8 24. f6 g6 25. b4 Kf7 26. bxc5 Rc6 27. Be5 Re6 28. Bd6 1-0

[Event "Najdorf Mem Open A 2014"]
[Site "Warsaw POL"]
[Date "2014.07.17"]
[Round "5.28"]
[White "Nowicki, Bartosz"]
[Black "Klekowski, Maciej"]
[Result "1/2-1/2"]
[WhiteElo "2256"]
[BlackElo "2385"]
[WhiteFideId "1179730"]
[BlackFideId "1132717"]
[EventDate "2014.07.14"]

1. e4 c6 2. d4 d5 3. e5 c5 4. Nf3 Nc6 5. c4 cxd4 6. Nxd4 e6 7. Nc3 Bb4 8. Nxc6
bxc6 9. Qa4 a5 10. Be2 Ne7 11. O-O O-O 12. a3 Bxc3 13. bxc3 Qc7 14. f4 Qb6+ 15.
Kh1 Ba6 16. Bd3 Bxc4 17. Bxc4 dxc4 18. Qxc4 Qb5 19. Qxb5 cxb5 20. a4 b4 21. cxb4
axb4 22. Bd2 Nd5 23. Rfb1 Rfb8 24. g3 h5 25. Rb3 Rb7 26. Kg2 Rba7 27. Rab1 Rxa4
28. Bxb4 Ra2+ 29. R1b2 Ne3+ 30. Kf3 Nc4 31. Rxa2 Rxa2 32. h4 Kh7 33. g4 Kg6 34.
Be1 Ra1 35. gxh5+ Kxh5 36. Ke2 Ra7 37. Kd3 Rc7 38. Kd4 Rc8 39. Rb7 Na3 40. Kd3
Rd8+ 41. Ke4 f5+ 42. exf6 gxf6 1/2-1/2

[Event "Najdorf Mem Open A 2014"]
[Site "Warsaw POL"]
[Date "2014.07.17"]
[Round "5.29"]
[White "Wisniowska, Klaudia"]
[Black "Schroeder, Jan-Christian"]
[Result "0-1"]
[WhiteTitle "WFM"]
[BlackTitle "FM"]
[WhiteElo "2186"]
[BlackElo "2370"]
[WhiteFideId "1181238"]
[BlackFideId "24662259"]
[EventDate "2014.07.14"]

1. e4 e5 2. Nf3 Nc6 3. Bb5 a6 4. Ba4 Nf6 5. O-O Be7 6. Re1 b5 7. Bb3 O-O 8. h3
d6 9. c3 Qd7 10. a4 Bb7 11. d3 Rfe8 12. Nbd2 Bf8 13. Nf1 h6 14. axb5 axb5 15.
Rxa8 Bxa8 16. Ne3 Ne7 17. Bc2 Ng6 18. c4 c6 19. b4 bxc4 20. dxc4 d5 21. exd5
Bxb4 22. Bd2 Bxd2 23. Qxd2 e4 24. dxc6 Qxc6 25. Nd4 Qc5 26. Ndf5 Ne5 27. Qd6
Qxd6 28. Nxd6 Rd8 29. Rd1 Kf8 30. Kf1 g6 31. Ke2 Bc6 32. c5 Ned7 33. Ndc4 Ke7
34. h4 Nxc5 35. Rxd8 Kxd8 36. Ne5 Be8 37. Kd2 Ke7 38. Kc3 h5 39. Kc4 Ne6 40. Kc3
Kd6 41. N5c4+ Kc5 42. Nd2 Bc6 43. Nb3+ Kd6 44. g3 Bd5 45. Nd2 Nc7 46. Kb4 Ke5
47. Bd1 Kd4 48. Be2 Ne6 49. Nc2+ Ke5 50. Nc4+ Bxc4 51. Kxc4 Nd5 52. f3 f5 53.
f4+ Ndxf4 54. gxf4+ Nxf4 55. Bf1 Nd5 56. Bh3 f4 57. Nd4 Ne3+ 58. Kc5 f3 59. Nc6+
Kf4 60. Kd4 Nf5+ 0-1

[Event "Najdorf Mem Open A 2014"]
[Site "Warsaw POL"]
[Date "2014.07.17"]
[Round "5.31"]
[White "Deszczynski, Adam"]
[Black "Plichta, Kamil"]
[Result "1/2-1/2"]
[WhiteElo "2341"]
[BlackElo "2247"]
[WhiteFideId "1102753"]
[BlackFideId "1141830"]
[EventDate "2014.07.14"]

1. e4 c5 2. Nf3 Nc6 3. d4 cxd4 4. Nxd4 g6 5. c4 Nf6 6. Nc3 d6 7. Be2 Nxd4 8.
Qxd4 Bg7 9. Bg5 O-O 10. Qd2 Be6 11. Rc1 Qa5 12. b3 a6 13. f3 Rfc8 14. Na4 Qxd2+
15. Kxd2 Nd7 16. g4 f6 17. Be3 f5 18. exf5 gxf5 19. h3 Rf8 20. Nc3 f4 21. Bf2
Ne5 22. Nd5 Bxd5 23. cxd5 Rac8 24. Rxc8 Rxc8 25. Bd1 Kf7 26. Re1 Nd7 27. Re4
Bc3+ 28. Ke2 Be5 29. Rc4 Rxc4 30. bxc4 h6 31. Bc2 Nc5 32. Bf5 Na4 33. Kd2 Nc3
34. a3 Na4 35. Bc8 Nc5 36. Kc2 a5 37. Bxc5 dxc5 38. Bxb7 Kf6 39. h4 Bd4 40. Kb3
Be5 41. Bc8 Bd4 42. Bf5 Be5 43. Ka4 Bb2 44. Be4 Bc1 45. Bf5 Bb2 46. Be6 Kg7 47.
Bc8 Kf8 48. Bf5 Kg7 49. g5 hxg5 50. hxg5 Bc1 51. Kxa5 Bxa3 52. Kb5 Kf8 53. Bg6
Bb4 54. Kc6 Ba3 55. Be4 Bb4 56. Bd3 Ba3 1/2-1/2

[Event "Najdorf Mem Open A 2014"]
[Site "Warsaw POL"]
[Date "2014.07.17"]
[Round "5.32"]
[White "Loos, Roland"]
[Black "Cukrowski, Filip"]
[Result "1/2-1/2"]
[WhiteElo "2335"]
[BlackElo "2230"]
[WhiteFideId "4643232"]
[BlackFideId "1171097"]
[EventDate "2014.07.14"]

1. e4 c5 2. Nf3 Nc6 3. d4 cxd4 4. Nxd4 Qb6 5. Nb3 Nf6 6. Nc3 e6 7. Bd3 a6 8. Qe2
d6 9. Bg5 Be7 10. O-O O-O 11. Kh1 Qc7 12. f4 b5 13. Rae1 h6 14. Bh4 Nxe4 15.
Nxb5 axb5 16. Bxe7 Re8 17. Bh4 f5 18. Bxb5 Rxa2 19. Qc4 Bd7 20. Nc5 dxc5 21.
Qxa2 Nb4 22. Qa4 Bxb5 23. Qxb5 Rb8 24. Qc4 Qc6 25. Re2 Nd5 26. c3 Nb6 27. Qd3
Na4 28. c4 Nxb2 29. Qc2 Na4 30. Ra1 Nb6 31. Ra7 Nc8 32. Ra5 Ncd6 33. Be1 Qb6 34.
Kg1 Qb3 35. Ra8 Kh7 36. Rxb8 Qxb8 37. Qd3 Qa8 38. Qb3 Qa1 39. Qd3 Qc1 40. g3
Nxc4 41. Rxe4 fxe4 42. Qxe4+ Kh8 43. Qxe6 Ne3 44. Kf2 Nd1+ 45. Kf3 Nb2 46. Bf2
Qh1+ 47. Kg4 Qd1+ 48. Kh3 Qf1+ 49. Kg4 1/2-1/2

[Event "Najdorf Mem Open A 2014"]
[Site "Warsaw POL"]
[Date "2014.07.17"]
[Round "5.33"]
[White "Warszawski, Bartosz"]
[Black "Cabezas Ayala, Ivan"]
[Result "1/2-1/2"]
[BlackTitle "FM"]
[WhiteElo "2247"]
[BlackElo "2333"]
[WhiteFideId "1110799"]
[BlackFideId "2207710"]
[EventDate "2014.07.14"]

1. e4 e5 2. Nf3 Nc6 3. Bb5 Nf6 4. O-O Nxe4 5. Qe2 Nd6 6. Bxc6 dxc6 7. Qxe5+ Qe7
8. Qa5 Qd7 9. Qc3 Nf5 10. d3 Be7 11. Bg5 f6 12. Bf4 b6 13. Nbd2 Bb7 14. b4 O-O
15. Ne4 Kh8 16. a4 a5 17. bxa5 Rxa5 18. Qb3 c5 19. Bd2 c4 20. Qxc4 Bd5 21. Qc3
Rfa8 22. Bf4 1/2-1/2

[Event "Najdorf Mem Open A 2014"]
[Site "Warsaw POL"]
[Date "2014.07.17"]
[Round "5.34"]
[White "Stoma, Pawel"]
[Black "Wiewiora, Eneasz"]
[Result "1-0"]
[WhiteElo "2326"]
[BlackElo "2218"]
[WhiteFideId "1113569"]
[BlackFideId "1140396"]
[EventDate "2014.07.14"]

1. c4 e5 2. Nc3 Nf6 3. e3 c6 4. Nf3 e4 5. Nd4 d5 6. cxd5 cxd5 7. d3 exd3 8. Bxd3
Nc6 9. Nxc6 bxc6 10. O-O Bd6 11. e4 O-O 12. exd5 cxd5 13. Bg5 Be6 14. Nb5 Be7
15. Rc1 Ne4 16. Be3 Bg5 17. f4 Bf6 18. Qe2 Qa5 19. a3 Rab8 20. Rc2 Bd7 21. b4
Qa4 22. Nc7 Bc6 23. Rfc1 Bb7 24. b5 h6 25. Na6 Rfe8 26. Nxb8 Rxb8 27. Bxe4 Qxe4
28. Bxa7 Qxf4 29. Bxb8 Qxb8 30. Rc7 Qa7+ 31. Kh1 Qxa3 32. Qe8+ Kh7 33. Qxf7 Qb2
34. Rf1 d4 35. Rxb7 1-0

[Event "Najdorf Mem Open A 2014"]
[Site "Warsaw POL"]
[Date "2014.07.17"]
[Round "5.35"]
[White "Czerwonski, Aleksander"]
[Black "Warakomska, Anna"]
[Result "1-0"]
[WhiteTitle "IM"]
[BlackTitle "WFM"]
[WhiteElo "2380"]
[BlackElo "2158"]
[WhiteFideId "1100459"]
[BlackFideId "1130790"]
[EventDate "2014.07.14"]

1. d4 Nf6 2. c4 e6 3. Nf3 b6 4. g3 Bb7 5. Bg2 Be7 6. Nc3 Ne4 7. Bd2 Bf6 8. O-O
c5 9. d5 exd5 10. cxd5 Nxd2 11. Nxd2 d6 12. Qa4+ Qd7 13. Nde4 Be5 14. Qxd7+ Nxd7
15. f4 Bd4+ 16. Kh1 O-O 17. Nxd6 Ba6 18. Rfe1 Rad8 19. Ndb5 Bxb5 20. Nxb5 Nf6
21. Nxa7 Ng4 22. Nc6 Nf2+ 23. Kg1 Nd3+ 24. Nxd4 Nxe1 25. Rxe1 cxd4 26. Rd1 Rc8
27. Rd2 f5 28. Kf2 Rfe8 29. Bf3 Red8 30. Rxd4 Kf7 31. Rb4 Rb8 32. Ke3 Ke7 33.
Kd4 Kd6 34. Rb3 Re8 35. h3 g6 36. g4 Rf8 37. g5 Rfc8 38. Re3 Re8 39. Rb3 Rec8
40. a4 Re8 41. h4 Re7 42. h5 gxh5 43. a5 h4 44. a6 b5 45. e4 fxe4 46. Bxe4 Ra7
47. Rh3 Rxa6 48. b3 Ra1 49. Rxh4 Rd1+ 50. Bd3 Rf8 51. Rh6+ Ke7 52. Rxh7+ Kd6 53.
Rh6+ Kd7 54. Rh4 Kd6 55. g6 Rf5 56. Ke3 Rxd5 57. Be4 Re1+ 58. Kf3 Rdd1 59. g7
Rg1 60. Rh6+ Ke7 61. Rg6 Rdf1+ 62. Ke2 Re1+ 63. Kd2 Rd1+ 64. Kc3 1-0

[Event "Najdorf Mem Open A 2014"]
[Site "Warsaw POL"]
[Date "2014.07.17"]
[Round "5.36"]
[White "Korchmar, Vasiliy"]
[Black "Jarmula, Pawel"]
[Result "1/2-1/2"]
[WhiteTitle "FM"]
[WhiteElo "2352"]
[BlackElo "2140"]
[WhiteFideId "24131750"]
[BlackFideId "1146211"]
[EventDate "2014.07.14"]

1. d4 Nf6 2. c4 e6 3. g3 Bb4+ 4. Bd2 Be7 5. Bg2 d5 6. Nf3 O-O 7. Qc2 c6 8. O-O
Nbd7 9. Bf4 b6 10. Nc3 Bb7 11. Ne5 Nh5 12. Bd2 Nhf6 13. e4 Nxe5 14. dxe5 Nxe4
15. Nxe4 dxe4 16. Bxe4 g6 17. h4 Qc7 18. Rae1 c5 19. h5 Bxe4 20. Rxe4 Rfd8 21.
Be3 Qd7 22. Qe2 Bf8 23. Qg4 Rac8 24. Kg2 Rc7 25. Rh1 Qc6 26. Qf3 Bg7 27. h6 Bf8
28. Bg5 Rd4 29. Rxd4 cxd4 30. b3 Qc5 31. Rd1 f5 32. b4 Qxb4 33. Rxd4 Qc5 34. Qd3
Rf7 35. f4 Qa5 36. Qe2 Qa4 37. Qd2 Rc7 38. Kh3 Qc6 39. Kh2 Qa4 40. c5 Qb5 41.
cxb6 axb6 42. Rd8 Qc5 43. Bf6 Kf7 44. Rd7+ Kg8 45. Rd8 Kf7 46. Kh3 Qc6 47. Qd1
b5 48. Kh4 b4 49. Kg5 Rb7 50. g4 Qg2 51. Rd7+ Kg8 52. Rxb7 Qxb7 53. Qb3 Kf7 54.
Qd1 Qc6 55. Qg1 Bc5 56. Qd1 Bf8 57. Qg1 Bc5 1/2-1/2